नच सुंदरी करु कोपा (Record no. 828287)

MARC details
000 -LEADER
fixed length control field 00628nam a2200169Ia 4500
008 - FIXED-LENGTH DATA ELEMENTS--GENERAL INFORMATION
fixed length control field 110201s9999 xx 000 0 und d
082 ## - DEWEY DECIMAL CLASSIFICATION NUMBER
Item number B914
Classification number K 734
100 ## - MAIN ENTRY--PERSONAL NAME
Personal name काकोडकर चंद्रकांत
245 ## - TITLE STATEMENT
Title नच सुंदरी करु कोपा
260 ## - PUBLICATION, DISTRIBUTION, ETC. (IMPRINT)
Name of publisher, distributor, etc युवराज प्रकाशन
365 ## - TRADE PRICE
Price amount 18
600 ## - SUBJECT ADDED ENTRY--PERSONAL NAME
Personal name काकोडकर चंद्रकांत
630 ## - SUBJECT ADDED ENTRY--UNIFORM TITLE
Uniform title नच सुंदरी करु कोपा
700 ## - ADDED ENTRY--PERSONAL NAME
Personal name काकोडकर चंद्रकांत
730 ## - ADDED ENTRY--UNIFORM TITLE
Uniform title नच सुंदरी करु कोपा
942 ## - ADDED ENTRY ELEMENTS (KOHA)
Koha item type Book
Holdings
Withdrawn status Lost status Damaged status Not for loan Home library Current library Date acquired Cost, normal purchase price Total Checkouts Barcode Date last seen Cost, replacement price Price effective from Koha item type
        Prof.Manikrao Kirtane Vachanalaya, Vashi, Navi Mumbai Prof.Manikrao Kirtane Vachanalaya, Vashi, Navi Mumbai 02/01/2011 18.00   PMKV-B914 02/01/2011 18.00 02/01/2011 Book